logo

Bir Sreshtho Munshi Abdur Rouf Library
Jhenaidah Cadet College

Audiences for public television / (Record no. 7874)

MARC details
000 -LEADER
fixed length control field 00943nam a2200289 a 4500
001 - CONTROL NUMBER
JCCL Control Number 7874
003 - CONTROL NUMBER IDENTIFIER
JCCL marc code BD-JhCC
005 - DATE AND TIME OF LATEST TRANSACTION
control field 20180215091000.0
008 - FIXED-LENGTH DATA ELEMENTS--GENERAL INFORMATION
fixed length control field 180215s1982 cau b 000 0 eng d
020 ## - INTERNATIONAL STANDARD BOOK NUMBER
International Standard Book Number 0803907648
035 ## - SYSTEM CONTROL NUMBER
system control number (BD-JhCC)7874
040 ## - CATALOGING SOURCE
Original cataloging agency BD-JhCC
Transcribing agency DLC
Modifying agency BD-JhCC
041 ## - LANGUAGE CODE
Language code of Book eng
050 00 - LIBRARY OF CONGRESS CALL NUMBER
Classification number HE8700.7.A8
Item number F69 1982
082 00 - DEWEY DECIMAL CLASSIFICATION NUMBER
Classification number 384.55/44
DDC Edition number 19
Author mark and Year FRA 1982
100 1# - MAIN ENTRY--PERSONAL NAME
Personal name Frank, Ronald Edward,
Dates associated with a name 1933-
245 10 - TITLE STATEMENT
Title Audiences for public television /
Statement of responsibility, etc Ronald E. Frank and Marshall G. Greenberg.
260 ## - PUBLICATION, DISTRIBUTION, ETC. (IMPRINT)
Place of publication, distribution, etc Beverly Hills, Calif. :
Name of publisher, distributor, etc Sage Publications,
Date of publication, distribution, etc c1982.
300 ## - PHYSICAL DESCRIPTION
Pagination 230 p. ;
Dimensions 23 cm.
504 ## - BIBLIOGRAPHY, ETC. NOTE
Bibliography, etc Bibliography: p. 229-230.
650 #0 - SUBJECT ADDED ENTRY--TOPICAL TERM
Topical term or geographic name as entry element Television viewers
Geographic subdivision United States.
650 #0 - SUBJECT ADDED ENTRY--TOPICAL TERM
Topical term or geographic name as entry element Public television
Geographic subdivision United States.
700 1# - ADDED ENTRY--PERSONAL NAME
Personal name Greenberg, Marshall G.,
Dates associated with a name 1935-
856 42 - ELECTRONIC LOCATION AND ACCESS
Materials specified Publisher description
Uniform Resource Identifier http://www.loc.gov/catdir/enhancements/fy0654/82016754-d.html
942 ## - ADDED ENTRY ELEMENTS (KOHA)
Source of classification or shelving scheme Dewey Decimal Classification
Koha item type Books
Holdings
Source of classification or shelving scheme Damaged status Not for loan Home library Current library Shelving location Date of accession Source of acquisition Total Checkouts Full call number Barcode Date last seen Copy number Koha item type
Dewey Decimal Classification     JCC Rouf Library JCC Rouf Library General Stacks 02/15/2018 Asia Foundation   384.55/44 FRA 1982 10503 02/15/2018 C-1 Books

JCC Library | Contacts | JCC Home

Last Update on 23 September 2017
Copyright @ 2017-2020 JCC Rouf Library
Rouf Library, Jhenidah Cadet College (JCC), Bangladesh